Diagnosing damp (Record no. 101981)
[ view plain ]
| 000 -LEADER | |
|---|---|
| fixed length control field | 01321cam a2200301 4500 |
| 008 - FIXED-LENGTH DATA ELEMENTS--GENERAL INFORMATION | |
| fixed length control field | 020404n2003 000 0 eng u |
| 020 ## - INTERNATIONAL STANDARD BOOK NUMBER | |
| International Standard Book Number | 1842190970 |
| 035 ## - SYSTEM CONTROL NUMBER | |
| System control number | (Sirsi) u117360 |
| 041 ## - LANGUAGE CODE | |
| Language code of text/sound track or separate title | eng |
| 050 ## - LIBRARY OF CONGRESS CALL NUMBER | |
| Classification number | 690.24 |
| 100 ## - MAIN ENTRY--PERSONAL NAME | |
| Personal name | Burkinshaw, Ralph |
| 245 ## - TITLE STATEMENT | |
| Title | Diagnosing damp |
| 260 ## - PUBLICATION, DISTRIBUTION, ETC. | |
| Place of publication, distribution, etc. | London |
| Name of publisher, distributor, etc. | RICS |
| Date of publication, distribution, etc. | 2003 |
| 300 ## - PHYSICAL DESCRIPTION | |
| Extent | viii, 232p. |
| Other physical details | ill. |
| Dimensions | 30cm. |
| 350 ## - PRICE (NR) (BK AM CF MU VM SE) [OBSOLETE] | |
| Price | 45 |
| 520 ## - SUMMARY, ETC. | |
| Summary, etc. | A comprehensive text aimed specifically at chartered surveyors on the commonest single cause of all reported building defects. The first section introduces the science of dampness, identifies sources of moisture and considers management versus cure. The second section provides practical advice on detecting and identifying damp during surveys whilst the fourth advises on putting the guidance into practice. Includes case studies and checklists. |
| 520 ## - SUMMARY, ETC. | |
| Summary, etc. | This content is now maintained on isurv by Mike Parrett |
| 650 ## - SUBJECT ADDED ENTRY--TOPICAL TERM | |
| Topical term or geographic name entry element | BUILDING SURVEYS |
| 650 ## - SUBJECT ADDED ENTRY--TOPICAL TERM | |
| Topical term or geographic name entry element | DAMP |
| 650 ## - SUBJECT ADDED ENTRY--TOPICAL TERM | |
| Topical term or geographic name entry element | DAMPNESS |
| 650 ## - SUBJECT ADDED ENTRY--TOPICAL TERM | |
| Topical term or geographic name entry element | MOISTURE CONTROL |
| 690 ## - LOCAL SUBJECT ADDED ENTRY--TOPICAL TERM (OCLC, RLIN) | |
| Topical term or geographic name as entry element | BUILT ENVIRONMENT-BUILDING INSPECTION |
| 700 ## - ADDED ENTRY--PERSONAL NAME | |
| Personal name | Parrett, Mike |
| 700 ## - ADDED ENTRY--PERSONAL NAME | |
| Personal name | Evans, Stephen |
| 700 ## - ADDED ENTRY--PERSONAL NAME | |
| Personal name | Thompson, Karl |
| 856 ## - ELECTRONIC LOCATION AND ACCESS | |
| Uniform Resource Identifier | <a href="https://www.isurv.com/site/scripts/documents.php?categoryID=1155">https://www.isurv.com/site/scripts/documents.php?categoryID=1155</a> |
| Link text | See damp section on isurv (subscription required) |
| 942 ## - ADDED ENTRY ELEMENTS (KOHA) | |
| Suppress in OPAC | 0 |
| Source of classification or shelving scheme | Dewey Decimal Classification |
| Withdrawn status | Lost status | Source of classification or shelving scheme | Damaged status | Not for loan | Home library | Current library | Shelving location | Date acquired | Total Checkouts | Full call number | Barcode | Date last seen | Copy number | Price effective from | Koha item type | Cost, normal purchase price | Date last checked out | Cost, replacement price |
|---|---|---|---|---|---|---|---|---|---|---|---|---|---|---|---|---|---|---|
| Missing | Dewey Decimal Classification | London | London | Folio | 09/05/2003 | F690.24 BUR | 30067149 | 06/08/2019 | 1 | 06/08/2019 | Reference material | |||||||
| Missing | Dewey Decimal Classification | London | London | Folio | 14/05/2003 | 41 | F690.24 BUR | 30067201 | 06/08/2019 | 5 | 06/08/2019 | Book | 27.00 | 02/02/2010 | 27.00 | |||
| Missing | Dewey Decimal Classification | London | London | Folio | 07/08/2003 | 44 | F690.24 BUR | 30067348 | 06/08/2019 | 7 | 06/08/2019 | Book | 27.00 | 15/01/2010 | 27.00 | |||
| Missing | Dewey Decimal Classification | London | London | Folio | 04/08/2006 | 11 | F690.24 BUR | 30073179 | 06/08/2019 | 10 | 06/08/2019 | Book | 21/10/2008 | |||||
| Dewey Decimal Classification | London | London | Missing | 07/08/2003 | RICS 2003/17 | 30067148 | 06/08/2019 | 1 | 06/08/2019 | Archive |